| 000 | 00415cam a2200169ua 4500 | ||
|---|---|---|---|
| 003 | OSt | ||
| 008 | 241101b |||||||| |||| 00| 0 eng d | ||
| 020 | _a81-7097-044-X | ||
| 041 | _aeng | ||
| 082 |
_a621.47 _bSIN/NO |
||
| 100 |
_aSinghal, O P . _96358 |
||
| 245 | _aNon conventional sources of energy / | ||
| 250 | _a1 / | ||
| 260 |
_aAllahabad : _bSaroj Prakashan , _c1996. |
||
| 300 | _a280 ; . | ||
| 942 | _cBK | ||
| 999 |
_c6191 _d6191 |
||